Pays sans répétitions - Statistiques

Statistiques générales
  • Ce quiz a été pris 67 fois
  • Le résultat moyen est 30 sur 55
Statistiques - réponses
Pays % Correct
France
95%
Portugal
88%
Brésil
82%
Chine
82%
Japon
82%
Maroc
80%
Inde
73%
Pérou
68%
Cuba
64%
Irak
64%
Iran
64%
Soudan
64%
Kenya
63%
Libye
63%
Mali
63%
Islande
61%
Viêt Nam
61%
Irlande
59%
Ukraine
59%
Israël
57%
Laos
57%
Liban
57%
Bhoutan
55%
Népal
55%
Zambie
55%
Cap-Vert
54%
Roumanie
54%
Tchad
54%
Cambodge
52%
Honduras
52%
Tonga
52%
Croatie
50%
Gabon
50%
Gambie
50%
Koweït
50%
Oman
50%
Suriname
50%
Autriche
48%
Jordanie
48%
Slovaquie
48%
Syrie
48%
Maurice
46%
Somalie
46%
Hongrie
45%
Maldives
45%
Niger
45%
Bulgarie
43%
Chypre
43%
Bahreïn
41%
Cameroun
39%
Malte
39%
Moldavie
38%
Brunei
36%
Singapour
25%
Ouzbékistan
18%
Aucun quiz correspondant
Distribution des résultats
% des personnes avec chaque résultat
Percentile par nombre de réponses
Votre historique - résultats
Vous n’avez pas pris ce quiz